Statistics for Movie Soundtrack Artists

Click here to take the quiz!

General Stats

  • This quiz has been taken 10,075 times
    (6,643 since last reset)
  • The average score is 11 of 22

Answer Stats

MovieMusical Act / Composer% Correct
Purple RainPrince
93%
The BodyguardWhitney Houston
90%
8 MileEminem
85%
Saturday Night FeverBee Gees
82%
A Hard Day's NightThe Beatles
79%
The Lion King (songs)Elton John / Tim Rice
77%
EvitaMadonna
74%
Star WarsJohn Williams
66%
The GraduateSimon & Garfunkel
62%
The Phantom of the OperaAndrew Lloyd Webber
54%
TommyThe Who
51%
BeachesBette Midler
47%
Get Rich or Die Tryin'50 Cent
46%
Toy StoryRandy Newman
37%
The Sound of MusicRodgers & Hammerstein
35%
The Good, the Bad and the UglyEnnio Morricone
30%
The Lion King (score)Hans Zimmer
30%
ShaftIsaac Hayes
29%
West Side StoryLeonard Bernstein
25%
Tron: LegacyDaft Punk
23%
Lord of the Rings seriesHoward Shore
17%
De-LovelyCole Porter
13%

Score Distribution

Percentile by Number Answered

Percent of People with Each Score

Your Score History

You have not taken this quiz since the last reset